000 00531nam a2200157 i 4500
001 30916
003 ES-MaACL
005 20230906154257.0
007 t|
008 030127s1970 sp ||||1| spa d
100 1 _aBello-Morales Merino, Juan Francisco.
_927244
245 1 0 _aEstrategia de Marketing y Dirección Comercial de la Industria Farmacéutica /
_cJuan Francisco Bello-Morales Merino.
260 _aMadrid :
_bIbérico Europea de Ediciones,
_c[1970]
300 _a751 p. ;
_c22 cm.
852 _aES-MaACL
_jC-38558
_bR.74192
999 _c30916
_d30916